| 000 | 00673nam a2200217Ia 4500 | ||
|---|---|---|---|
| 005 | 20220818101317.0 | ||
| 008 | 210716s2005 xx 000 0 und d | ||
| 020 | _a9788181283801 | ||
| 040 | _cAIMIT LIBRARY | ||
| 041 | _aeng | ||
| 082 |
_a574.80285 _21 _bCERE |
||
| 100 |
_aCerami, Ethan. _954957 |
||
| 245 |
_aXML for bioinformatics / _cBy Ethan Cerami. |
||
| 250 | _a1st ed. | ||
| 260 |
_aNew Delhi : _bSpringer , _c2005. |
||
| 300 |
_axv, 304p. ; _c23.5 cm |
||
| 650 |
_aIntroduction to XML for bioinformatics _954958 |
||
| 650 |
_aFundamentals of XML and BSML _954959 |
||
| 650 |
_aXML schemas for bioinformatics _954960 |
||
| 942 |
_2ddc _cBK _e1st _k574.80285 CERE |
||
| 999 |
_c191852 _d191852 |
||